000
00332nam a2200133Ia 4500
003
PILC
008
220421s2005 xx 000 0 und d
040
_c
EARIST LIBRARY
100
_a
Tubid, Proceso
_9
304
245
0
_a
Dictonary of forensic science terms /
260
_a
Manila,
_b
Rex :
_c
2005.
999
_c
1607
_d
1607
942
_2
ddc
_c
BK